| 000 | 011980am a2200289 004500 | ||
|---|---|---|---|
| 003 | EG-GiCUC | ||
| 008 | 080806s1964 ua g 000 0 ara d | ||
| 040 |
_aEG-GiCUC _bara _cEG-GiCUC |
||
| 041 | 1 |
_aara _heng |
|
| 050 | 4 |
_aPN1661 _bB8 1964 |
|
| 092 | 0 | 4 |
_a808.2 _bB9779 _221 |
| 099 |
_a04 _a808.2 B9779 |
||
| 100 | 1 | _aبسفيلد : روجر م. | |
| 245 | 1 | 0 |
_aفن الكاتب المسرحى للمسرح والاذاعة و التليفزيون والسينما / _cتاليف روجر م.بسفيلد ؛ ترجمة و تقديم درينى خشبة |
| 260 |
_aالقاهرة : _bمكتبة نهضة مصر : _c1964 |
||
| 300 |
_a462ص ؛ _c24سم |
||
| 504 | _aيشتمل على ارجاعات ببليوجرافية (ص405-441) | ||
| 546 | _aالترجمة العربية لـ : The playwright{u2019}s art : stage , radio , television , motion pictures | ||
| 650 | 7 |
_aالتأليف _2qrmak |
|
| 650 | 7 |
_aالمسرحية _xتأليف _2qrmak |
|
| 700 | 1 | _aخشبة : درينى | |
| 902 | _a1 | ||
| 905 |
_aبلتاجى _eمراجع |
||
| 905 |
_aجمال _eمدخل |
||
| 942 |
_2ddc _cBK |
||
| 999 |
_c101593 _d101593 |
||